Daftari Murasalat (Record no. 5306)
[ view plain ]
| 000 -LEADER | |
|---|---|
| fixed length control field | 00354 a2200133 4500 |
| 082 ## - DEWEY DECIMAL CLASSIFICATION NUMBER | |
| Classification number | 808.869 |
| 090 ## - LOCALLY ASSIGNED LC-TYPE CALL NUMBER (OCLC); LOCAL CALL NUMBER (RLIN) | |
| -- | 1351 |
| -- | 1351 |
| 100 ## - MAIN ENTRY--PERSONAL NAME | |
| Personal name | Shibli, M.Siddiq Khan |
| 245 ## - TITLE STATEMENT | |
| Title | Daftari Murasalat |
| Statement of responsibility, etc. | M.Siddiq Khan Shibli, |
| 260 ## - PUBLICATION, DISTRIBUTION, ETC. | |
| Place of publication, distribution, etc. | Islamabad: |
| Name of publisher, distributor, etc. | Muqtadara Qomi Zuban, |
| Date of publication, distribution, etc. | 1987. |
| 300 ## - PHYSICAL DESCRIPTION | |
| Extent | 147 p. |
| Dimensions | 24 cm. |
| 650 ## - SUBJECT ADDED ENTRY--TOPICAL TERM | |
| Topical term or geographic name entry element | Technical writing. |
| 942 ## - ADDED ENTRY ELEMENTS (KOHA) | |
| Koha item type | Book |
| Call number prefix | 808.869 SHI |
| Withdrawn status | Lost status | Damaged status | Not for loan | Collection code | Permanent Location | Current Location | Shelving location | Date acquired | Source of acquisition | Cost, normal purchase price | Total Checkouts | Full call number | Barcode | Date last seen | Price effective from | Koha item type |
|---|---|---|---|---|---|---|---|---|---|---|---|---|---|---|---|---|
| Central Library (CL) | Central Library (CL) | General Stacks | 08/23/2002 | National Language Authority | 20.00 | 808.869 SHI | SEECS002255 | 11/14/2012 | 01/05/2017 | Book |
